00305nam a2200109Ia 4500008004000000082001700040100001300057245005100070260003600121300001100157650002700168210210b2004 xxu||||| |||| 00| 0 eng d a620.802 ARIS aARIHANT. aSelf study guide biotechnology entrance exam. aMeerutbArihant Prakashanc2004 a336,32 aBiotechnology entrance